000 00594nam a2200193Ia 4500
005 20251020182549.0
008 200515s9999 xx 000 0 und d
082 _aG8.1/C1/652
100 _aDALL'ORTO F., Augusto ZEGARRA P., Jorge VASQUEZ, Eduardo
245 0 _aIngeniería de tránsito
260 _aLima
260 _c1992
300 _a169
520 _aDiseño de intersecciones semaforizadas aisladas, planificación y control de tráfico por área, análisis de accidentes de tránsito
650 _aINGENIERIA DE TRANSITO
650 _aLIB
650 _aTRANSITO
942 _cLIB
999 _c2667
_d2667